Agricultural law and tenant right, with chapters on the practice of tenant right valuation and on agricultural law generally (Record no. 86300)

MARC details
000 -LEADER
fixed length control field 00590cam a2200217 4500
001 - CONTROL NUMBER
control field D7278
008 - FIXED-LENGTH DATA ELEMENTS--GENERAL INFORMATION
fixed length control field 090401t1959 xxu||||| |||| 00| 0 eng d
035 ## - SYSTEM CONTROL NUMBER
System control number (Sirsi) u6435
041 ## - LANGUAGE CODE
Language code of text/sound track or separate title eng
050 ## - LIBRARY OF CONGRESS CALL NUMBER
Classification number 630.026
090 ## - LOCALLY ASSIGNED LC-TYPE CALL NUMBER (OCLC); LOCAL CALL NUMBER (RLIN)
Classification number (OCLC) (R) ; Classification number, CALL (RLIN) (NR) 630.026
100 ## - MAIN ENTRY--PERSONAL NAME
Personal name Mustoe, N.E.
245 ## - TITLE STATEMENT
Title Agricultural law and tenant right, with chapters on the practice of tenant right valuation and on agricultural law generally
250 ## - EDITION STATEMENT
Edition statement 5th
260 ## - PUBLICATION, DISTRIBUTION, ETC.
Place of publication, distribution, etc. London
Name of publisher, distributor, etc. Estates Gazette
Date of publication, distribution, etc. 1959
300 ## - PHYSICAL DESCRIPTION
Extent lx. 1072p. 22cm
350 ## - PRICE (NR) (BK AM CF MU VM SE) [OBSOLETE]
Price 5.25
700 ## - ADDED ENTRY--PERSONAL NAME
Personal name Wood, Raymond H
942 ## - ADDED ENTRY ELEMENTS (KOHA)
Suppress in OPAC 0
948 ## - LOCAL PROCESSING INFORMATION (OCLC); SERIES PART DESIGNATOR (RLIN)
c (OCLC) 04/03/1997
Holdings
Withdrawn status Lost status Source of classification or shelving scheme Damaged status Not for loan Home library Current library Shelving location Date acquired Total Checkouts Full call number Barcode Date last seen Copy number Price effective from Koha item type
    Dewey Decimal Classification     London London Basement 14/09/1999   SHELF 132 30018924 06/08/2019 1 06/08/2019 Book